000 00763nam a22002177a 4500
003 NALT
005 20251125233124.0
008 s2557 th tha d
020 _a9786167526300
040 _aNALT
041 _atha
050 _aHA 4600.55
_bต289 2557
245 0 0 _aตัวเลขต้องรู้ของจังหวัด บรรพ 3 2557-2558.
260 _aนนทบุรี :
_bอัลฟา รีเสิร์ช,
_c2557.
300 _a566 หน้า :
_bตาราง ;
_c21 ซม.
651 4 _935887
_aไทย
_xสถิติ
850 _aNALT
856 4 0 _uhttps://hdl.handle.net/20.500.14156/522549
942 _cGB
_2lcc
999 _c74237
_d74237
998 _j104
_k นางสาวสายฝน ดีงาม